Tûrkologičeskie issledovaniâ v Vengrii

Elmentve itt :
Bibliográfiai részletek
Szerző: Kakuk Zsuzsa
Dokumentumtípus: Cikk
Megjelent: AN SSSR ; AN Azerbajdžanskoj SSR Baku 1974
Sorozat:Sovetskaâ tûrkologiâ : meždunarodnyj naučno-teoretičeskij žurnal
Kulcsszavak:Turkológia - Magyarország - 16-20. sz.
Tárgyszavak:
Online Access:http://misc.bibl.u-szeged.hu/61677
LEADER 00855nab a2200229 i 4500
001 misc61677
005 20230206152301.0
008 220502s1974 hu o 0|| rus d
040 |a SZTE Miscellanea Repozitórium  |b hun 
041 |a rus 
100 1 |a Kakuk Zsuzsa 
245 1 0 |a Tûrkologičeskie issledovaniâ v Vengrii  |h [elektronikus dokumentum] /  |c  Kakuk Zsuzsa 
260 |a AN SSSR ; AN Azerbajdžanskoj SSR  |b Baku  |c 1974 
300 |a 79-92  |c 25 cm 
300 |a [14] p.  |c 25 cm 
490 0 |a Sovetskaâ tûrkologiâ : meždunarodnyj naučno-teoretičeskij žurnal 
561 |a Németh Gyula hagyaték 
591 |a LOA 1682; NOA 2581 
650 4 |a Bölcsészettudományok 
650 4 |a Nyelvek és irodalom 
695 |a Turkológia - Magyarország - 16-20. sz. 
856 4 0 |u http://misc.bibl.u-szeged.hu/61677/1/2581_noa_k11.pdf  |z Dokumentum-elérés